|
|
|
|
| LEADER |
01629nam a2200385 a 4500 |
| 001 |
000590264 |
| 003 |
CZ BrMZK |
| 005 |
20160808081420.0 |
| 007 |
ta |
| 008 |
020314s2002 xr e c cze d |
| 015 |
|
|
|a cnb001093394
|
| 020 |
|
|
|a 80-902856-5-1
|
| 040 |
|
|
|a BOA001
|b cze
|
| 043 |
|
|
|a e-xr---
|
| 045 |
|
|
|a x8y0
|
| 072 |
|
7 |
|a 72/76
|x Výtvarné umění
|2 Konspekt
|9 21
|
| 080 |
|
|
|a 73/77.02
|2 MRF
|
| 080 |
|
|
|a (437.3)
|2 MRF
|
| 080 |
|
|
|a (083.81)
|2 MRF
|
| 100 |
1 |
|
|a Vejrážka, Pavel R.
|q (Pavel Rudolf),
|d 1956-
|7 mzk2002105358
|4 aut
|
| 245 |
1 |
0 |
|a Pavel Rudolf Vejrážka :
|b koláže : [katalog výstavy : Muzeum města Ústí nad Labem, březen-duben 2002 /
|c text Antonín Jiří Hluštík ; poezií doprovodil Emil Juliš]
|
| 260 |
|
|
|a Ústí nad Labem :
|b Město Ústí nad Labem,
|c 2002
|
| 300 |
|
|
|a [14] s. :
|b il. (některé barev.) ;
|c 21 cm
|
| 500 |
|
|
|a Název z obálky
|
| 500 |
|
|
|a Dostupné též v digitální podobě v aplikaci Kramerius
|
| 600 |
1 |
7 |
|a Vejrážka, Pavel R.
|q (Pavel Rudolf),
|d 1956-
|7 mzk2002105358
|2 czenas
|
| 650 |
0 |
7 |
|a koláže
|7 ph121736
|z Česko
|2 czenas
|
| 655 |
|
7 |
|a katalogy výstav
|7 fd132536
|2 czenas
|
| 700 |
1 |
|
|a Hluštík, Antonín Jiří,
|d 1946-2016
|7 jn20040409001
|4 aut
|
| 700 |
1 |
|
|a Juliš, Emil,
|d 1920-2006
|7 jk01052139
|4 aut
|
| 710 |
2 |
|
|a Muzeum města Ústí nad Labem
|7 ko2003171826
|
| 856 |
4 |
1 |
|u http://www.digitalniknihovna.cz/mzk/uuid/uuid:ea30eca0-5fab-11e6-8e4e-005056827e51
|y Digitalizovaný dokument
|x NDK
|
| 910 |
|
|
|a BOA001
|b 2-1097.819
|
| 990 |
|
|
|a BK
|
| 996 |
6 |
|
|b 2610155901
|c 2-1097.819
|l MZK
|r Sklad / do 1 hodiny
|n 0
|p p.v.
|w 000590264
|u 000010
|a 1
|e BOA001
|j MZK50
|s P
|